Piłka nożna - dwaj piłkarze - wspólny klub #2 - Statystyki

Ogólne statystyki
  • Ten quiz został rozwiązany 131 razy
  • Średni wynik to 8 z 15
Statystyki odpowiedzi
zawodnicy klub % Poprawnych
Zlatan Ibrahimović i Maxwell PSG | FC Barcelona | Ajax Amsterdam | Inter Mediolan
98%
Arkadiusz Milik i Dani Carvajal Bayer 04 Leverkusen
65%
Henrikh Mkhitaryan i Ilkay Gundogan Borussia Dortmund
57%
Virgil van Dijk i Kieran Tierney Celtic Glasgow
57%
Raheem Sterling i Iago Aspas Liverpool FC
54%
Wayne Rooney i Ademola Lookman Everton FC
53%
Harry Kane i Kasper Schmeichel Leicester City
53%
Donny van de Beek i Wout Weghorst Manchester United
52%
Robin van Persie i Carlos Vela Arsenal FC
47%
Łukasz Skorupski i Ashley Cole AS Roma
47%
Philippe Coutinho i Mateo Kovacic Inter Mediolan
45%
Samuel Eto'o i Davor Suker Real Madryt
42%
Fernando Torres i Riccardo Montolivo AC Milan
38%
Thierry Henry i Edwin van der Sar Juventus Turyn
38%
Toby Alderweireld i David Villa Atletico Madryt
37%
Nie znaleziono quizów pasujących do podanych kryteriów
Rozkład punktacji
Procent ludzi z każdym wynikiem
Percentyl według liczby udzielonych odpowiedzi
Twoja historia wyników
Nie rozwiązałeś tego quizu